International law / (Record no. 11775)
[ view plain ]
| 000 -LEADER | |
|---|---|
| fixed length control field | 01311cam a22003252 4500 |
| 001 - CONTROL NUMBER | |
| control field | 0000025522 |
| 005 - DATE AND TIME OF LATEST TRANSACTION | |
| control field | 20151217154552.0 |
| 008 - FIXED-LENGTH DATA ELEMENTS--GENERAL INFORMATION | |
| fixed length control field | 151015s xx 000 0 eng d |
| 020 ## - INTERNATIONAL STANDARD BOOK NUMBER | |
| International Standard Book Number | 0414023017 : |
| 040 ## - CATALOGING SOURCE | |
| Original cataloging agency | KABU |
| Transcribing agency | KABU |
| 100 1# - MAIN ENTRY--PERSONAL NAME | |
| Personal name | Wallace, Rebecca M. M. |
| -- | 0000158695 |
| 245 10 - TITLE STATEMENT | |
| Title | International law / |
| Statement of responsibility, etc. | Rebecca M. M. Wallaceb and Olga Martin-Ortega. |
| 250 ## - EDITION STATEMENT | |
| Edition statement | 7th ed. |
| 260 ## - PUBLICATION, DISTRIBUTION, ETC. (IMPRINT) | |
| Place of publication, distribution, etc. | London : |
| Name of publisher, distributor, etc. | Sweet & Maxwell, |
| Date of publication, distribution, etc. | 2013. |
| 300 ## - PHYSICAL DESCRIPTION | |
| Extent | li, 392 p. |
| 650 #0 - SUBJECT ADDED ENTRY--TOPICAL TERM | |
| Topical term or geographic name as entry element | International law. |
| -- | 0000158696 |
| 700 1# - ADDED ENTRY--PERSONAL NAME | |
| Personal name | Martin-Ortega, Olga. |
| -- | 0000179102 |
| 852 1# - LOCATION | |
| -- | p7500 KES |
| 852 1# - LOCATION | |
| -- | p7500 KES |
| 852 1# - LOCATION | |
| -- | p7500 KES |
| 852 1# - LOCATION | |
| -- | p7500 KES |
| 852 1# - LOCATION | |
| -- | p7500 KES |
| 852 1# - LOCATION | |
| -- | p7500 KES |
| 852 1# - LOCATION | |
| -- | p7500 KES |
| 852 1# - LOCATION | |
| -- | p7500 KES |
| 852 1# - LOCATION | |
| -- | p7500 KES |
| 852 1# - LOCATION | |
| -- | p7500 KES |
| 908 ## - PUT COMMAND PARAMETER (RLIN) | |
| Put command parameter | 151015 |
| 950 ## - LOCAL HOLDINGS (RLIN) | |
| -- | 1 |
| Withdrawn status | Lost status | Source of classification or shelving scheme | Not for loan | Home library | Current library | Date acquired | Total Checkouts | Total Renewals | Full call number | Barcode | Date last seen | Date last checked out | Price effective from | Koha item type | Checked out |
|---|---|---|---|---|---|---|---|---|---|---|---|---|---|---|---|
| Library of Congress Classification | Kabarak, Main Campus | Kabarak, Main Campus | 17/12/2015 | 33 | 4 | JX3295 .W35 2013 c. 1 | 020902 | 07/12/2022 | 24/10/2022 | 17/12/2015 | General Collection | ||||
| Library of Congress Classification | Kabarak, Main Campus | Kabarak, Main Campus | 17/12/2015 | 22 | 1 | JX3295 .W35 2013 c. 2 | 020906 | 12/04/2024 | 15/03/2024 | 17/12/2015 | General Collection | ||||
| Library of Congress Classification | Kabarak, Main Campus | Kabarak, Main Campus | 17/12/2015 | 26 | 3 | JX3295 .W35 2013 c. 3 | 020907 | 18/03/2025 | 07/03/2025 | 17/12/2015 | General Collection | ||||
| Library of Congress Classification | Kabarak, Main Campus | Kabarak, Main Campus | 17/12/2015 | 27 | 3 | JX3295 .W35 2013 c. 4 | 020903 | 07/12/2022 | 28/11/2022 | 17/12/2015 | General Collection | ||||
| Library of Congress Classification | Kabarak, Main Campus | Kabarak, Main Campus | 17/12/2015 | 23 | 2 | JX3295 .W35 2013 c. 5 | 020908 | 26/01/2026 | 14/01/2026 | 17/12/2015 | General Collection | ||||
| Library of Congress Classification | Kabarak, Main Campus | Kabarak, Main Campus | 17/12/2015 | 1 | JX3295 .W35 2013 c. 6 | 020909 | 18/05/2022 | 04/06/2016 | 17/12/2015 | General Collection | |||||
| Library of Congress Classification | Kabarak, Main Campus | Kabarak, Main Campus | 17/12/2015 | 21 | 2 | JX3295 .W35 2013 c. 7 | 020900 | 15/03/2021 | 15/03/2021 | 17/12/2015 | General Collection | 31/03/2021 | |||
| Library of Congress Classification | Kabarak, Main Campus | Kabarak, Main Campus | 17/12/2015 | 31 | 1 | JX3295 .W35 2013 c. 8 | 020901 | 18/03/2026 | 22/02/2026 | 17/12/2015 | General Collection | ||||
| Library of Congress Classification | Kabarak, Main Campus | Kabarak, Main Campus | 17/12/2015 | 4 | JX3295 .W35 2013 c. 9 | 020904 | 24/10/2016 | 07/10/2016 | 17/12/2015 | General Collection | |||||
| Library of Congress Classification | Kabarak, Main Campus | Kabarak, Main Campus | 17/12/2015 | 27 | 4 | JX3295 .W35 2013 c. 10 | 020905 | 04/04/2025 | 07/03/2025 | 17/12/2015 | General Collection |